[Event "EU-ch U16 31st"]
[Site "Mamaia"]
[Date "2023.09.05"]
[Round "1"]
[White "De Reese, Elias"]
[Black "Kvaloy, Aksel Bu"]
[Result "0-1"]
[WhiteElo "2060"]
[BlackElo "2469"]
[PlyCount "56"]
[EventDate "2023.09.05"]
[EventType "swiss"]
[EventRounds "9"]
[EventCountry "ROU"]
[SourceTitle "EXT 2024"]
[Source "ChessBase"]
[SourceDate "2023.10.10"]
[SourceVersion "1"]
[SourceVersionDate "2023.10.10"]
[SourceQuality "1"]

1. d4 Nf6 2. c4 e6 3. g3 d5 4. Bg2 dxc4 5. Nf3 a6 6. Ne5 Bb4+ 7. Nc3 Nd5 8. Bd2 b5 9. a4 Bxc3 10. bxc3 Bb7 11. e4 Nf6 12. Qb1 Nbd7 13. Nxc4 Bxe4 14. Bxe4 Nxe4 15. Qxe4 bxc4 16. Bg5 Qc8 17. Qc6 0-0 18. a5 h6 19. Bc1 Rd8 20. Ra4 e5 21. Rxc4 exd4 22. cxd4 Nf6 23. 0-0 Qh3 24. Bf4 Rac8 25. Bxc7 Rd7 26. Qb7 Ng4 27. Qxc8+ Kh7 28. Qxd7 Qxh2# 0-1

[Event "NED-chT 2223"]
[Site "Netherlands"]
[Date "2022.09.17"]
[Round "1.7"]
[White "Rogge, Parcival"]
[Black "De Reese, Elias"]
[Result "1-0"]
[WhiteElo "2253"]
[BlackElo "1922"]
[PlyCount "117"]
[EventDate "2022.09.17"]
[EventType "team-tourn"]
[EventRounds "9"]
[EventCountry "NED"]
[SourceTitle "CBM 213 Extra"]
[Source "ChessBase"]
[SourceDate "2023.05.31"]
[SourceVersion "1"]
[SourceVersionDate "2023.05.31"]
[SourceQuality "1"]
[WhiteTeam "Sas van Gent"]
[BlackTeam "De Stukkenjagers"]
[WhiteTeamCountry "NED"]
[BlackTeamCountry "NED"]

1. d4 Nf6 2. c4 e6 3. Nf3 Bb4+ 4. Nbd2 b6 5. a3 Bxd2+ 6. Qxd2 Bb7 7. e3 0-0 8. Be2 d6 9. b4 Nbd7 10. Bb2 Qe7 11. 0-0 e5 12. d5 a5 13. Qc2 axb4 14. axb4 b5 15. e4 c6 16. dxc6 Bxc6 17. Nd2 Rac8 18. Ra7 bxc4 19. Bxc4 d5 20. exd5 Bxd5 21. Rc1 Qxb4 22. Ba3 Qb6 23. Qa4 Ra8 24. Rxa8 Bxa8 25. Bxf8 Qb7 26. Bf1 Nxf8 27. Qb5 Qxb5 28. Bxb5 Bd5 29. Rc7 g6 30. Bc4 Bxc4 31. Nxc4 N6d7 32. Kf1 f6 33. Ke2 Kf7 34. Nb6 Ke6 35. Rc6+ Kf7 36. Nxd7 Nxd7 37. Kd3 f5 38. Kc4 Nf6 39. f3 Ke7 40. Ra6 Kf7 41. Kc5 Ke7 42. Ra7+ Ke6 43. Kc4 Kd6 44. Ra6+ Ke7 45. Kc5 e4 46. Kd4 exf3 47. gxf3 Nd7 48. Kd5 Nf6+ 49. Ke5 Nd7+ 50. Kf4 Nf8 51. Kg5 Ne6+ 52. Kh6 Kf7 53. h4 Nf8 54. Ra7+ Kf6 55. Rb7 Ke5 56. Rf7 Ne6 57. Kxh7 g5 58. Kg6 g4 59. Rxf5+ 1-0

[Event "Wachtebeke op"]
[Site "Wachtebeke"]
[Date "2022.03.02"]
[Round "7"]
[White "De Reese, Elias"]
[Black "Vanduyfhuys, Daria"]
[Result "0-1"]
[WhiteElo "1925"]
[BlackElo "2044"]
[PlyCount "58"]
[EventDate "2022.02.26"]
[EventType "swiss"]
[EventRounds "9"]
[EventCountry "BEL"]
[SourceTitle "CBM 207 Extra"]
[Source "ChessBase"]
[SourceDate "2022.05.31"]
[SourceVersion "1"]
[SourceVersionDate "2022.05.31"]
[SourceQuality "1"]

1. d4 d5 2. Nc3 Nf6 3. Bf4 e6 4. Nb5 Na6 5. e3 c6 6. Nc3 Nc7 7. Nf3 Bb4 8. Ne5 Ne4 9. a3 Bxc3+ 10. bxc3 0-0 11. c4 f6 12. Nf3 b5 13. cxb5 Nxb5 14. c4 Qa5+ 15. Nd2 Nbc3 16. Qc2 e5 17. dxe5 Bf5 18. Bd3 Nxd2 19. Bxf5 Nce4 20. cxd5 fxe5 21. Be6+ Kh8 22. Bxe5 Nc4+ 23. Bc3 Nxc3 24. 0-0 cxd5 25. Bxd5 Qxd5 26. Qxc3 Rac8 27. Rad1 Qe6 28. Rd4 Ne5 29. Qa5 Nc6 0-1

[Event "EU-ch Online U14"]
[Site "Tornelo INT"]
[Date "2020.09.20"]
[Round "9"]
[White "De Reese, Elias"]
[Black "Fragkos, Vasileios"]
[Result "0-1"]
[WhiteElo "1772"]
[BlackElo "1705"]
[PlyCount "54"]
[EventDate "2020.09.18"]
[EventType "swiss (rapid)"]
[EventRounds "9"]
[EventCountry "NET"]
[SourceTitle "EXT 2023"]
[Source "ChessBase"]
[SourceDate "2022.10.05"]
[SourceVersion "1"]
[SourceVersionDate "2022.10.05"]
[SourceQuality "1"]
[WhiteTeam "Belgien"]
[BlackTeam "Greece"]
[WhiteTeamCountry "BEL"]
[BlackTeamCountry "GRE"]

1. d4 d5 2. Nc3 e6 3. Bf4 Bb4 4. e3 Nf6 5. Bd3 0-0 6. g4 c5 7. dxc5 Bxc5 8. g5 Nfd7 9. Qh5 g6 10. Qh6 Re8 11. 0-0-0 Bf8 12. Qh4 Nc6 13. Nge2 a6 14. Bg3 b5 15. f4 Qa5 16. f5 b4 17. fxg6 fxg6 18. Nb1 Qxa2 19. Nf4 Nde5 20. Rdf1 Bg7 21. b3 Bd7 22. Kd2 Rac8 23. Ke2 Nxd3 24. Kxd3 Ne5+ 25. Ke2 Rxc2+ 26. Nd2 Rxd2+ 27. Ke1 Rc8 0-1

[Event "EU-ch Online U14"]
[Site "Tornelo INT"]
[Date "2020.09.19"]
[Round "6"]
[White "Theocharous, Vassilis"]
[Black "De Reese, Elias"]
[Result "0-1"]
[WhiteElo "1439"]
[BlackElo "1772"]
[PlyCount "130"]
[EventDate "2020.09.18"]
[EventType "swiss (rapid)"]
[EventRounds "9"]
[EventCountry "NET"]
[SourceTitle "EXT 2023"]
[Source "ChessBase"]
[SourceDate "2022.10.05"]
[SourceVersion "1"]
[SourceVersionDate "2022.10.05"]
[SourceQuality "1"]
[WhiteTeam "Zypern"]
[BlackTeam "Belgien"]
[WhiteTeamCountry "CYP"]
[BlackTeamCountry "BEL"]

1. Nf3 Nf6 2. g3 g6 3. Bg2 Bg7 4. 0-0 0-0 5. d3 d5 6. Nbd2 c5 7. e4 e6 8. Re1 Nc6 9. exd5 exd5 10. Nb3 b6 11. Bf4 Bb7 12. Ne5 Nd7 13. Nxc6 Bxc6 14. c3 Re8 15. Rxe8+ Qxe8 16. d4 Qe6 17. dxc5 bxc5 18. Qe1 Re8 19. Qxe6 fxe6 20. Re1 Kf7 21. Rd1 e5 22. Bxd5+ Bxd5 23. Rxd5 Ke6 24. Bxe5 Bxe5 25. Rd1 Rb8 26. Re1 Kd5 27. Rd1+ Kc6 28. Na5+ Kc7 29. Rd2 Nb6 30. Re2 Bd6 31. b3 Rf8 32. Rd2 Rf3 33. Rc2 Be5 34. c4 Bc3 35. b4 Bxb4 36. Nb3 Rc3 37. Re2 Kd6 38. Rd2+ Ke7 39. Re2+ Kf7 40. Re4 Rxc4 41. Rxc4 Nxc4 42. Kf1 Nd2+ 43. Nxd2 Bxd2 44. Ke2 Bb4 45. Kd3 Ke6 46. Kc4 Kd6 47. Kb3 Kd5 48. a3 Ba5 49. Kc2 c4 50. a4 Kd4 51. f4 h5 52. h3 Ke4 53. Kc1 Kf3 54. g4 hxg4 55. hxg4 Kxg4 56. f5 Kxf5 57. Kc2 g5 58. Kd1 g4 59. Ke2 g3 60. Kf3 c3 61. Ke2 c2 62. Kf3 c1Q 63. Kg2 Qe3 64. Kh1 Qf3+ 65. Kg1 Bb6# 0-1

[Event "EU-ch Online U14"]
[Site "Tornelo INT"]
[Date "2020.09.18"]
[Round "3"]
[White "De Reese, Elias"]
[Black "Jarlskov, Daniel Tuk Hartso"]
[Result "1-0"]
[WhiteElo "1772"]
[BlackElo "1349"]
[PlyCount "123"]
[EventDate "2020.09.18"]
[EventType "swiss (rapid)"]
[EventRounds "9"]
[EventCountry "NET"]
[SourceTitle "EXT 2023"]
[Source "ChessBase"]
[SourceDate "2022.10.05"]
[SourceVersion "1"]
[SourceVersionDate "2022.10.05"]
[SourceQuality "1"]
[WhiteTeam "Belgien"]
[BlackTeam "Denmark"]
[WhiteTeamCountry "BEL"]
[BlackTeamCountry "DEN"]

1. d4 d5 2. Nc3 Bf5 3. Bf4 e6 4. f3 Bd6 5. Bxd6 cxd6 6. e4 dxe4 7. fxe4 Bg6 8. Nf3 Nf6 9. Bd3 Nc6 10. 0-0 Qb6 11. Kh1 Qxb2 12. Nb5 0-0 13. Rb1 Qxa2 14. Nxd6 Rad8 15. Bc4 Qa4 16. Bb5 Qa5 17. Nxb7 Qc7 18. Nxd8 Rxd8 19. e5 Nd5 20. Qe2 Na5 21. Ra1 Rb8 22. c4 Nf4 23. Qd2 Nb3 24. Qxf4 Nxa1 25. Rxa1 Bd3 26. Qc1 Rc8 27. Qc3 Be2 28. Qe3 Bxc4 29. Rc1 Qb6 30. Bxc4 a5 31. h3 a4 32. Qa3 Qa5 33. Qc3 Qa7 34. Qb4 Rb8 35. Qc5 Qa8 36. Ra1 h6 37. Bb5 Qe4 38. Qc6 Qf4 39. Rxa4 g5 40. Ra8 Rxa8 41. Qxa8+ Kg7 42. Qa1 h5 43. Nh2 g4 44. Qf1 Qxd4 45. Qf6+ Kf8 46. hxg4 hxg4 47. Qh6+ Ke7 48. Qg5+ Kf8 49. Nxg4 Qd1+ 50. Kh2 Qb1 51. Qh6+ Ke7 52. Qf6+ Kf8 53. Nh6 Qh7 54. Bd3 Qxh6+ 55. Qxh6+ Ke7 56. Qf6+ Kd7 57. Qxf7+ Kc6 58. Qxe6+ Kb7 59. Be4+ Kc7 60. Qc6+ Kd8 61. Qd6+ Ke8 62. Bg6# 1-0

[Event "EU-ch U12 28th"]
[Site "Riga"]
[Date "2018.08.21"]
[Round "2"]
[White "Yusupov, Ilya"]
[Black "De Reese, Elias"]
[Result "0-1"]
[WhiteElo "1397"]
[BlackElo "1661"]
[PlyCount "100"]
[EventDate "2018.08.20"]
[EventType "swiss"]
[EventRounds "9"]
[EventCountry "LAT"]
[SourceTitle "CBM 186 Extra"]
[Source "ChessBase"]
[SourceDate "2018.08.24"]
[SourceVersion "1"]
[SourceVersionDate "2018.08.24"]
[SourceQuality "1"]

1. d4 f5 2. c4 Nf6 3. Nc3 e6 4. Bg5 Bb4 5. g3 0-0 6. Qc2 h6 7. Bd2 d6 8. a3 Bxc3 9. bxc3 e5 10. Bg2 Nc6 11. Nf3 Qe8 12. 0-0 e4 13. Ne1 Qf7 14. d5 Ne5 15. Qb3 b6 16. Bf4 Nfd7 17. Nc2 Ba6 18. Ne3 g5 19. Bxe5 Nxe5 20. Qa4 Bc8 21. f3 exf3 22. Bxf3 f4 23. Bg2 Qg6 24. Nc2 Bg4 25. Nd4 Qh5 26. Rae1 fxg3 27. hxg3 Bh3 28. Qc2 Bxg2 29. Kxg2 Ng4 30. Rh1 Ne3+ 31. Kg1 Qf7 32. Nf5 Nxc2 33. Nxh6+ Kg7 34. Nxf7 Nxe1 35. Nxg5 Rh8 36. Ne6+ Kf6 37. Rxh8 Rxh8 38. Nd4 Kg5 39. Kf2 Rh1 40. Ne6+ Kg4 41. Nxc7 Nc2 42. Kg2 Rh7 43. Nb5 Ne3+ 44. Kg1 Nxc4 45. e4 Kxg3 46. Nxd6 Nxd6 47. e5 Ne4 48. e6 Kf3 49. a4 Ng3 50. a5 Rh1# 0-1

[Event "Paleochora op 11th"]
[Site "Paleochora"]
[Date "2018.07.18"]
[Round "1"]
[White "De Reese, Elias"]
[Black "Sandalakis, Angelos"]
[Result "0-1"]
[WhiteElo "1712"]
[BlackElo "2448"]
[PlyCount "62"]
[EventDate "2018.07.18"]
[EventType "swiss"]
[EventRounds "9"]
[EventCountry "GRE"]
[SourceTitle "CBM 186 Extra"]
[Source "ChessBase"]
[SourceDate "2018.08.24"]
[SourceVersion "1"]
[SourceVersionDate "2018.08.24"]
[SourceQuality "1"]

1. d4 Nf6 2. Bf4 d5 3. e3 c5 4. c3 Qb6 5. Qb3 Nc6 6. Nd2 c4 7. Qc2 g6 8. e4 e6 9. Ngf3 Bg7 10. Bd6 Nxe4 11. Nxe4 dxe4 12. Bc5 Qc7 13. Nd2 b6 14. Ba3 Bb7 15. Nxe4 0-0-0 16. Rc1 Bh6 17. Rd1 f5 18. Nd2 b5 19. Be2 e5 20. dxe5 Nxe5 21. 0-0 Bxd2 22. Rxd2 Qc6 23. f3 Ng4 24. Be7 Qb6+ 25. Kh1 Nf2+ 26. Rxf2 Qxf2 27. Qd1 Rxd2 28. Qxd2 Re8 29. Bg5 Qxe2 30. Qxe2 Rxe2 31. h4 Rxb2 0-1

[Event "EU-ch U10 27th"]
[Site "Mamaia"]
[Date "2017.09.11"]
[Round "6"]
[White "De Reese, Elias"]
[Black "Paszkowski, Krystian"]
[Result "1-0"]
[WhiteElo "1629"]
[BlackElo "1495"]
[PlyCount "79"]
[EventDate "2017.09.05"]
[EventType "swiss"]
[EventRounds "9"]
[EventCountry "ROU"]
[SourceTitle "CBM 180 Extra"]
[Source "ChessBase"]
[SourceDate "2017.10.06"]
[SourceVersion "1"]
[SourceVersionDate "2017.10.06"]
[SourceQuality "1"]

1. d4 Nf6 2. Bf4 d5 3. e3 g6 4. Nc3 c6 5. h4 Bg7 6. Be2 h5 7. Nf3 0-0 8. Ne5 Nbd7 9. Qd3 Nxe5 10. Bxe5 Bf5 11. Qd2 Nd7 12. Bxg7 Kxg7 13. 0-0-0 b5 14. Rdg1 b4 15. Nd1 Qa5 16. Kb1 Rab8 17. g4 hxg4 18. Bxg4 Bxg4 19. Rxg4 Nf6 20. Rg2 Ne4 21. Qc1 Nc3+ 22. Nxc3 bxc3 23. b3 Rb6 24. a3 Qb5 25. h5 Rh8 26. Rgh2 c5 27. dxc5 Qxc5 28. hxg6 Rxh2 29. Rxh2 fxg6 30. Ka2 Ra6 31. Rh4 Qd6 32. b4 Qe6 33. Qh1 d4+ 34. Kb1 Rxa3 35. Rh7+ Kf6 36. Qh4+ g5 37. Rh6+ Kf5 38. Qh3+ g4 39. Qh5+ Ke4 40. Rxe6+ 1-0

[Event "EU-ch U10 27th"]
[Site "Mamaia"]
[Date "2017.09.08"]
[Round "4"]
[White "Micciche, Ruben"]
[Black "De Reese, Elias"]
[Result "0-1"]
[WhiteElo "1501"]
[BlackElo "1629"]
[PlyCount "124"]
[EventDate "2017.09.05"]
[EventType "swiss"]
[EventRounds "9"]
[EventCountry "ROU"]
[SourceTitle "CBM 180 Extra"]
[Source "ChessBase"]
[SourceDate "2017.10.06"]
[SourceVersion "1"]
[SourceVersionDate "2017.10.06"]
[SourceQuality "1"]

1. d4 f5 2. e3 Nf6 3. Nf3 e6 4. Bd3 b6 5. 0-0 Bb7 6. Nbd2 Be7 7. b3 0-0 8. Bb2 Ne4 9. c4 Bf6 10. Qc2 d5 11. Ne5 Nd7 12. f3 Nxd2 13. Qxd2 c5 14. f4 Nxe5 15. fxe5 Be7 16. Kf2 Qc7 17. Ke2 Bg5 18. Qc2 Rfe8 19. g4 dxc4 20. bxc4 g6 21. gxf5 exf5 22. Rg1 Qe7 23. h4 Bxh4 24. Bxf5 Kh8 25. Bd3 Rf8 26. Raf1 Rxf1 27. Rxf1 Rf8 28. Kd2 Rxf1 29. Bxf1 Qf7 30. Be2 Qf2 31. Qc3 Bf3 32. Qd3 Qe1+ 33. Kc2 Qxe2+ 34. Qxe2 Bxe2 35. Kb3 Kg8 36. d5 Kf7 37. e6+ Ke7 38. Be5 Bf6 39. Bb8 a6 40. Ba7 Be5 41. Bxb6 Bd6 42. e4 h5 43. e5 Bxe5 44. Bxc5+ Bd6 45. Be3 Ke8 46. Bg5 Be7 47. Bf4 g5 48. Bh2 Bc5 49. Bc7 Ke7 50. Be5 h4 51. Bc7 g4 52. Bf4 g3 53. Bg5+ Ke8 54. Bf4 g2 55. d6 Bxd6 56. Be3 h3 57. c5 Bxc5 58. e7 h2 59. Bg1 hxg1Q 60. a4 Qb1+ 61. Kc3 g1Q 62. a5 Qgc1# 0-1